| 000 | 00564nam a2200169 4500 | ||
|---|---|---|---|
| 001 | 133092 | ||
| 003 | ES-MaACL | ||
| 005 | 20240511063033.0 | ||
| 007 | t| | ||
| 008 | 070214s1926 sp r ||||1| spa d | ||
| 100 | 1 |
_aRubiano Herrera, Santos, _d1871-1930 _9100312 |
|
| 245 | 1 | 0 |
_aEstado actual del Servicio Psiquiátrico Militar en España _b: conferencia... / _cpor Santos Rubiano Herrera. |
| 260 |
_aMadrid : _b[s. n.], _c1926 ( _fImp. Julio Cosano) |
||
| 300 |
_a28 p. : _bil. ; _c24 cm. |
||
| 852 |
_aES-MaACL _j1668-F-20 |
||
| 999 |
_c133092 _d133092 |
||